| 000 | 00904nam a2200217 i 4500 | ||
|---|---|---|---|
| 001 | 24872 | ||
| 003 | ES-MaACL | ||
| 005 | 20231226211503.0 | ||
| 007 | t| | ||
| 008 | 021219m18931895sp |||| | spa d | ||
| 245 | 0 | 0 |
_aAntología de poetas hispano-americanos / _cpublicada por la Real Academia Española ; [introducción de Marcelino Menéndez y Pelayo]. |
| 260 |
_aMadrid : _b[s.n., _c1893-1895] ( _fSucesores de Rivadeneyra) |
||
| 300 |
_a4 v. ; _c23 cm. |
||
| 505 | 8 | _aContiene: I. México y América Central - II. Cuba, Santo Domingo, Puerto Rico y Venezuela - III. Colombia, Ecuador, Perú y Bolivia - IV. Chile, República Argentina y Uruguay | |
| 650 | 4 |
_aPoesías hispanoamericanas. _9148477 |
|
| 700 | 1 |
_aMenéndez y Pelayo, Marcelino, _d1856-1912 _980332 |
|
| 710 | 2 |
_aReal Academia Española _96336 |
|
| 852 |
_aES-MaACL _jF-7088-91 |
||
| 942 | _2udc | ||
| 999 |
_c24872 _d24872 |
||